| 000 | 00000nam##2200000za#4500 |
| 001 | 9.616568 |
| 003 | CaOODSP |
| 005 | 20200327143532 |
| 007 | ta |
| 008 | 150406|2003||||xxc||||| f|0| 0 eng|d |
| 022 | |a0706-6457 |
| 040 | |aCaOODSP|beng |
| 043 | |an-cn--- |
| 086 | 1 |aFs97-6/2492E |
| 110 | 1 |aCanada. |bDepartment of Fisheries and Oceans. |
| 245 | 10|aReport of the Applied Coastal Ecosystem (ACES) Workshop, 28-30 January 2003, St. Andrews, New Brunswick / |cB.D. Chang et al., editors. |
| 260 | |aOttawa - Ontario : |bFisheries and Oceans Canada |c2003. |
| 300 | |aiv, 41p. : |bgraphs ; |c28 cm. |
| 490 | 1 |aCanadian technical report of fisheries and aquatic sciences|x0706-6457|v2492 |
| 500 | |a"Fisheries and Oceans Canada, Maritimes Region, Sciences Branch, Biological Station, 531 Brandy Cove Road, St. Andrews, New Brunswick, Canada E5B 2L9". "This is the two hundred and fifty-first Technical Report of the Biological Station, St. Andrews, NB." |
| 546 | |a(Textes d'introduction en anglais et en français.) |
| 563 | |aSoftcover |
| 590 | |a03-43|b2003-10-24 |
| 690 | 07|aTechnical reports|2gcpds |
| 776 | 0#|tReport of the Applied Coastal Ecosystem Science (ACES) Workshop, 28-30 January 2003, St. Andrews, New Brunswick / |w(CaOODSP)9.574074 |
| 830 | #0|aCanadian technical report of fisheries and aquatic sciences,|x0706-6457|v2492|w(CaOODSP)9.514691 |